000 00826nam a2200253Ia 4500
003 OSt
005 20220923225302.0
006 a|||||r|||| 00| 0
007 ta
008 220922b |||||||| |||| 00| 0 hin d
024 _a262,017
037 _cTextual
040 _aARTS
_cARTS
_bhin
041 _2hin
_ahin
082 _aDelta2Y7M63x, 152N3
100 _aविवेकानन्द
245 0 _aधर्म विज्ञान
246 _aDharma vijnyāna
260 _aनागपुर
_b भास्करेश्वरानन्द
_c1993
300 _a138पृ.
_ccm.
650 _aआध्यात्मिक अनुभव और रहस्यवाद
942 _hDelta2Y7M63x, 152N3
_cTEXL
_2CC
999 _c377211
_d377211